| 000 | 00894cam a2200241 a 4500 | ||
|---|---|---|---|
| 001 | 16176639 | ||
| 005 | 20240212002441.0 | ||
| 008 | 100408s2009 ce a b 000 0 eng | ||
| 020 | _a9789551040550 | ||
| 040 |
_aDLC _cDLC _dDLC |
||
| 082 |
_222 _a307.2 |
||
| 245 | 1 | 0 |
_aForced to move : _binvoluntary displacement and resettlement : policy and practice / _cedited by Priyanthi Fernando, Karin Fernando, and Mansi Kumarasiri. |
| 260 |
_aColombo : _bCentre for Poverty Analysis, _c2009. |
||
| 300 | _aix, 209 p. : | ||
| 500 | _a"9th Annual Symposium on Poverty Research in Sri Lanka; supported by Friedrich-Ebert-Stiftung and the World Bank." | ||
| 650 | 0 | _aInternally displaced persons | |
| 650 | 0 | _aEconomic development projects | |
| 650 | 0 | _aForced migration | |
| 700 | 1 |
_aFernando, Priyanthi. _eedt |
|
| 700 | 1 |
_aFernando, Karin. _eedt |
|
| 700 | 1 |
_aKumarasiri, Mansi. _eedt |
|
| 942 | _cL | ||
| 999 |
_c367 _d367 |
||